Akcia znejúca na meno alebo na doručiteľa
Akcia znejúca na meno alebo na doručiteľa, t.j. forma akcie a súvislosti s jej podobou. Jeden z problémov, ktorý nevyriešila rozsiahla novela Obchodného zákonníka (č. 500/2001 Z.z.), ani rekodifikácia zákona o cenných papieroch. Rozdiel medzi akciou na meno a akciou na doručiteľa. Práva spojené s fo...
Gespeichert in:
| 1. Verfasser: | |
|---|---|
| Format: | Buchkapitel |
| Sprache: | Slowakisch Englisch |
| Schlagworte: | |
| Tags: |
Keine Tags, Fügen Sie das erste Tag hinzu!
|
MARC
| LEADER | 00000naa$a2200000$$$4500 | ||
|---|---|---|---|
| 001 | 0002951 | ||
| 005 | 20230426121131.5 | ||
| 041 | 0 | |a slo | |
| 041 | 0 | |a eng | |
| 044 | |a SK | ||
| 245 | 1 | 0 | |a Akcia znejúca na meno alebo na doručiteľa |c aut. Jozef Mesároš |
| 520 | |a Akcia znejúca na meno alebo na doručiteľa, t.j. forma akcie a súvislosti s jej podobou. Jeden z problémov, ktorý nevyriešila rozsiahla novela Obchodného zákonníka (č. 500/2001 Z.z.), ani rekodifikácia zákona o cenných papieroch. Rozdiel medzi akciou na meno a akciou na doručiteľa. Práva spojené s formou akcie v listinnej podobe. Dôsledky zaknihovanej podoby na práva spojené s formou akcie. Dôsledky podoby na formu akcie. Príklady. | ||
| 610 | 2 | 0 | |a akcie |
| 610 | 2 | 0 | |a akcie na meno |
| 610 | 2 | 0 | |a pojmy |
| 610 | 2 | 0 | |a úpravy právne |
| 610 | 2 | 0 | |a papiere cenné |
| 610 | 2 | 0 | |a zákonník obchodný |
| 610 | 2 | 0 | |a akcie na doručiteľa |
| 100 | 1 | |a Mesároš, Jozef | |